000 00525nam a2200181Ia 4500
008 240729s9999 xx 000 0 und d
022 _a2156-6941
245 0 _aJournal of Freshwater Ecology
260 _aUnited Kingdom
260 _bTaylor & Francis Group
650 _a Biology (General)
650 _a Ecology
650 _a Environmental sciences | Science
650 _aGeography. Anthropology. Recreation
856 _uhttps://doaj.org/toc/2f6cb1f5aaab4d29b49e3eb0135f10d6
942 _2ddc
942 _cDOAJEJ
999 _c69089
_d69089
945 _a1
_bMadushi Gamage
_c1
_dMadushi Gamage